[Event "Canadian op"]
[Site "Calgary"]
[Date "2023.07.30"]
[Round "10"]
[White "Ming, Jerry"]
[Black "Gao, Lucy"]
[Result "0-1"]
[WhiteElo "1669"]
[BlackElo "1682"]
[PlyCount "62"]
[EventDate "2023.07.22"]
[EventType "swiss"]
[EventRounds "10"]
[EventCountry "CAN"]
[SourceTitle "EXT 2024"]
[Source "ChessBase"]
[SourceDate "2023.10.10"]
[SourceVersion "1"]
[SourceVersionDate "2023.10.10"]
[SourceQuality "1"]

1. b3 Nf6 2. Bb2 c5 3. e3 Nc6 4. Nf3 d5 5. Bb5 a6 6. Bxc6+ bxc6 7. Ne5 Qc7 8. f4 g6 9. 0-0 Bg7 10. Nc3 0-0 11. Na4 Ne4 12. d3 Nd6 13. Nxc5 Nf5 14. Qe2 f6 15. Nf3 Qb6 16. Na4 Qxe3+ 17. Qxe3 Nxe3 18. Rf2 Bh6 19. g3 Bh3 20. Re1 Ng4 21. Rfe2 e5 22. fxe5 fxe5 23. Nxe5 Be3+ 24. Kh1 Bf2 25. Rf1 Bxf1 26. Nxg4 h5 27. Nh6+ Kh7 28. Re7+ Kxh6 29. Bg7+ Kg5 30. h4+ Kg4 31. Bxf8 Kh3 0-1

[Event "Canadian op"]
[Site "Calgary"]
[Date "2023.07.28"]
[Round "8"]
[White "Ming, Jerry"]
[Black "Su, Ethan"]
[Result "1-0"]
[WhiteElo "1669"]
[BlackElo "1954"]
[PlyCount "55"]
[EventDate "2023.07.22"]
[EventType "swiss"]
[EventRounds "10"]
[EventCountry "CAN"]
[SourceTitle "EXT 2024"]
[Source "ChessBase"]
[SourceDate "2023.10.10"]
[SourceVersion "1"]
[SourceVersionDate "2023.10.10"]
[SourceQuality "1"]

1. e4 c5 2. c3 Nf6 3. e5 Nd5 4. d4 cxd4 5. cxd4 d6 6. Nf3 Nc6 7. Bc4 Be6 8. 0-0 g6 9. Qb3 Na5 10. Bb5+ Nc6 11. Bc4 a6 12. Bxd5 Na5 13. Qa4+ b5 14. Qxa5 Qxa5 15. Bxa8 Bg7 16. Bc6+ Bd7 17. Bxd7+ Kxd7 18. Bd2 Qb6 19. Nc3 Qb7 20. exd6 exd6 21. Rfe1 b4 22. Ne4 h6 23. Bf4 Qd5 24. Nxd6 g5 25. Bg3 f5 26. Be5 Rh7 27. Nxf5 Bf8 28. Rac1 1-0

[Event "Canadian op"]
[Site "Calgary"]
[Date "2023.07.27"]
[Round "7"]
[White "Jackson, Mateo"]
[Black "Ming, Jerry"]
[Result "0-1"]
[WhiteElo "1742"]
[BlackElo "1669"]
[PlyCount "128"]
[EventDate "2023.07.22"]
[EventType "swiss"]
[EventRounds "10"]
[EventCountry "CAN"]
[SourceTitle "EXT 2024"]
[Source "ChessBase"]
[SourceDate "2023.10.10"]
[SourceVersion "1"]
[SourceVersionDate "2023.10.10"]
[SourceQuality "1"]

1. e4 c5 2. Nc3 Nc6 3. Bb5 Nd4 4. Nf3 e6 5. 0-0 a6 6. Bd3 Nc6 7. b3 Qc7 8. Bb2 Nf6 9. Re1 Be7 10. e5 Ng4 11. h3 Ngxe5 12. Nxe5 Nxe5 13. Nd5 exd5 14. Bxe5 d6 15. Bxg7 Rg8 16. Bf6 Be6 17. Bxh7 Bxf6 18. Bxg8 Bxa1 19. Qxa1 0-0-0 20. Qg7 Kb8 21. Re3 d4 22. Rg3 Rd7 23. Qf6 Qa5 24. h4 Qxd2 25. Bh7 Qd1+ 26. Kh2 Qh5 27. Be4 Kc7 28. f3 d5 29. Qf4+ Kc6 30. Rg5 Qh6 31. Bd3 c4 32. bxc4 dxc4 33. Bxc4 Qh7 34. Bd3 Qh8 35. Be4+ Kb6 36. a3 Ka7 37. g3 Qf8 38. Ra5 b6 39. Ra4 b5 40. Rb4 Qc5 41. Bd3 Qc3 42. Qc1 Rc7 43. Rb1 Ba2 44. Ra1 Bb3 45. h5 Bxc2 46. Qxc2 Qxc2+ 47. Bxc2 Rxc2+ 48. Kh3 d3 49. Rd1 Rc3 50. Kg4 Rxa3 51. Kg5 b4 52. h6 Ra2 53. Rxd3 Rh2 54. Kf6 Rxh6+ 55. Kxf7 a5 56. g4 Rb6 57. g5 b3 58. g6 b2 59. Rd7+ Ka6 60. g7 b1Q 61. g8Q Qf5+ 62. Ke8 Rb8+ 63. Rd8 Qe5+ 64. Kf7 Qc7+ 0-1

[Event "Canadian op"]
[Site "Calgary"]
[Date "2023.07.26"]
[Round "6"]
[White "Ming, Jerry"]
[Black "Heran Boily, Samuel"]
[Result "1/2-1/2"]
[WhiteElo "1669"]
[BlackElo "1841"]
[PlyCount "139"]
[EventDate "2023.07.22"]
[EventType "swiss"]
[EventRounds "10"]
[EventCountry "CAN"]
[SourceTitle "EXT 2024"]
[Source "ChessBase"]
[SourceDate "2023.10.10"]
[SourceVersion "1"]
[SourceVersionDate "2023.10.10"]
[SourceQuality "1"]

1. e4 e6 2. d4 d5 3. Bd3 dxe4 4. Bxe4 Nf6 5. Bf3 c5 6. Ne2 Nc6 7. Be3 Qb6 8. b3 Be7 9. 0-0 0-0 10. c3 Rd8 11. Qc2 Bd7 12. Nd2 cxd4 13. Nxd4 Ne5 14. Nc4 Nxc4 15. bxc4 Qa6 16. Rfb1 Bc6 17. Nxc6 bxc6 18. c5 Nd5 19. Bd4 Rac8 20. c4 Bf6 21. Bxf6 Nxf6 22. Qb3 Rc7 23. Rd1 Rdc8 24. Rd6 Ne8 25. Rd3 Qa5 26. Qa3 Qxa3 27. Rxa3 Nf6 28. Rd1 Kf8 29. Ra6 Ne8 30. g3 Ke7 31. Kf1 g6 32. g4 f5 33. gxf5 gxf5 34. Bg2 e5 35. Re1 Ke6 36. Rd1 e4 37. f3 Ke5 38. fxe4 fxe4 39. Bh3 Rb8 40. Rd7 Rbb7 41. Rd8 Rf7+ 42. Ke1 Rb1+ 43. Ke2 Rb2+ 44. Ke1 Nc7 45. Rxc6 Kf4 46. Rd2 Rb4 47. Rf2+ Ke3 48. Re2+ Kd3 49. Rd6+ Kxc4 50. Rxe4+ Kxc5 51. Rxb4 Kxd6 52. Rb2 Nd5 53. Rd2 Kc5 54. Be6 Re7 55. Rxd5+ Kc6 56. Re5 Kd6 57. Ra5 Kxe6 58. Kf2 Kf6 59. Kf3 Rb7 60. Kf4 Rb4+ 61. Kg3 Rb7 62. Kf4 Kg6 63. Kg4 Rb4+ 64. Kf3 Rb7 65. Kg4 h5+ 66. Kh4 Rb4+ 67. Kg3 Rb7 68. Kh4 Rb2 69. Kg3 Rb7 70. Kh4 1/2-1/2

[Event "Canadian op"]
[Site "Calgary"]
[Date "2023.07.23"]
[Round "3"]
[White "Srinivasan, Hemant"]
[Black "Ming, Jerry"]
[Result "1-0"]
[WhiteElo "1988"]
[BlackElo "1669"]
[PlyCount "67"]
[EventDate "2023.07.22"]
[EventType "swiss"]
[EventRounds "10"]
[EventCountry "CAN"]
[SourceTitle "EXT 2024"]
[Source "ChessBase"]
[SourceDate "2023.10.10"]
[SourceVersion "1"]
[SourceVersionDate "2023.10.10"]
[SourceQuality "1"]

1. d4 d5 2. c4 e6 3. Nc3 a6 4. cxd5 exd5 5. Nf3 c6 6. Bf4 Bd6 7. Bxd6 Qxd6 8. e3 Nf6 9. Bd3 0-0 10. h3 Nbd7 11. 0-0 Re8 12. a4 Ne4 13. Qc2 Ndf6 14. Ne5 Nxc3 15. bxc3 h6 16. a5 Nd7 17. Nxd7 Bxd7 18. Rfb1 Rab8 19. Rb6 Qc7 20. c4 dxc4 21. Qxc4 Be6 22. Qc5 Red8 23. Rab1 Rd5 24. Qc3 Rg5 25. f4 Rd5 26. Bxa6 Bc8 27. Bc4 Rd6 28. a6 Rd7 29. Be2 Re7 30. Bf3 Bf5 31. R1b2 Kh7 32. Rxb7 Rxb7 33. axb7 Qb8 34. Qc5 1-0

[Event "Banff op"]
[Site "Banff"]
[Date "2022.11.11"]
[Round "1"]
[White "Ming, Jerry"]
[Black "Valentino, Marcos"]
[Result "0-1"]
[WhiteElo "1608"]
[BlackElo "1989"]
[PlyCount "67"]
[EventDate "2022.11.11"]
[EventType "swiss"]
[EventRounds "6"]
[EventCountry "CAN"]
[SourceTitle "CBM 211 Extra"]
[Source "ChessBase"]
[SourceDate "2023.01.31"]
[SourceVersion "1"]
[SourceVersionDate "2023.01.31"]
[SourceQuality "1"]

1. e4 c6 2. d4 d6 3. Nc3 e5 4. dxe5 dxe5 5. Qxd8+ Kxd8 6. Bc4 f6 7. Be3 Nd7 8. 0-0-0 Kc7 9. Nge2 b5 10. Nxb5+ cxb5 11. Bd5 Rb8 12. Bxa7 Bc5 13. Bxb8+ Nxb8 14. Nc3 b4 15. Nb5+ Kb6 16. Nd6 Bxd6 17. Bxg8 Bc5 18. Bc4 Bxf2 19. Rd5 Bd7 20. Rhd1 Bc6 21. Rd6 Kc5 22. Rd8 Rxd8 23. Rxd8 Kxc4 24. Rxb8 Bxe4 25. b3+ Kc5 26. Rc8+ Bc6 27. Rc7 Be3+ 28. Kd1 Bh6 29. g3 e4 30. Rc8 e3 31. Ke2 Kb6 32. Rd8 Be4 33. Re8 f5 34. Re5 0-1

[Event "Banff op"]
[Site "Banff"]
[Date "2021.11.14"]
[Round "6"]
[White "Chen, Jeffrey"]
[Black "Ming, Jerry"]
[Result "1-0"]
[WhiteElo "1722"]
[BlackElo "1412"]
[PlyCount "75"]
[EventDate "2021.11.12"]
[EventType "swiss"]
[EventRounds "6"]
[EventCountry "CAN"]
[SourceTitle "CBM 205 Extra"]
[Source "ChessBase"]
[SourceDate "2022.01.31"]
[SourceVersion "1"]
[SourceVersionDate "2022.01.31"]
[SourceQuality "1"]

1. e4 c5 2. Nc3 e6 3. Nf3 Nc6 4. g3 Nf6 5. Bg2 Qc7 6. 0-0 Be7 7. d3 0-0 8. Bf4 d6 9. Nb5 Qb8 10. Nc3 Bd7 11. Re1 e5 12. Bg5 h6 13. Bd2 Be6 14. Nh4 Nd4 15. Ne2 Nxe2+ 16. Qxe2 Qc8 17. Bh1 Ne8 18. Ng2 b5 19. f4 exf4 20. gxf4 Nf6 21. Ne3 Rb8 22. f5 Bd7 23. Kf2 Nh7 24. Rg1 Ng5 25. Qg4 Bf6 26. Nd5 Bd4+ 27. Be3 Qd8 28. Bxd4 cxd4 29. h4 f6 30. hxg5 fxg5 31. Qh5 Be8 32. Qh2 Rc8 33. Rac1 Bc6 34. Nb4 d5 35. Nxc6 Rxc6 36. Qe5 dxe4 37. Bxe4 g6 38. Qd5+ 1-0

[Event "Banff op"]
[Site "Banff"]
[Date "2021.11.12"]
[Round "1"]
[White "Ming, Jerry"]
[Black "Yao, Sammy"]
[Result "1/2-1/2"]
[WhiteElo "1412"]
[BlackElo "1984"]
[PlyCount "78"]
[EventDate "2021.11.12"]
[EventType "swiss"]
[EventRounds "6"]
[EventCountry "CAN"]
[SourceTitle "CBM 205 Extra"]
[Source "ChessBase"]
[SourceDate "2022.01.31"]
[SourceVersion "1"]
[SourceVersionDate "2022.01.31"]
[SourceQuality "1"]

1. e4 c5 2. c3 Nf6 3. e5 Nd5 4. d4 cxd4 5. cxd4 e6 6. Nf3 b6 7. Nc3 Bb7 8. Bd3 Be7 9. 0-0 Nxc3 10. bxc3 Qc7 11. Bd2 Nc6 12. Ng5 Bxg5 13. Bxg5 Na5 14. Qc2 h6 15. Bd2 Nc4 16. Be4 Bxe4 17. Qxe4 Rc8 18. Be1 Qc6 19. Qxc6 Rxc6 20. f4 Ne3 21. Rf3 Nd5 22. g4 h5 23. h3 g6 24. Rb1 hxg4 25. hxg4 Kd8 26. Rb3 Kc7 27. Kg2 Kb7 28. f5 gxf5 29. gxf5 exf5 30. Rb5 Rg8+ 31. Kf1 Nc7 32. Rb2 Rcg6 33. Rxf5 Rg1+ 34. Ke2 R8g2+ 35. Bf2 Rh1 36. Rxf7 Kc8 37. Rf8+ Kb7 38. Rf7 Kc8 39. Rf8+ Kb7 1/2-1/2